000 00960nas a2200313 4500
001 BR9901847
003 BR-BrBNA
005 20231205101341.0
007 ta
008 230509b bl.|||p| |||| 00| 00por d
040 _aBR-BrBNA
_bpor
_cBiblioteca Nacional de Agricultura
041 _a(Pt)
072 _aL02
100 1 _aBastos, M.E.S.
100 1 _aLouvandini, H.
100 1 _aNogueira, M.
100 1 _aCarranza, C.A.
100 1 _aLavorenti, A.
245 1 _aEfeito de niveis de calcio da dieta de filhotes de ema (Rhea americana, Linnaeus, 1758), na prevencao do encurvamento de pernas, em cativeiro
650 _aEma
650 _aDieta
650 _aCalcio
650 _aFosforo
650 _aCriacao em Cativeiro
650 _aCrescimento
773 0 _tRevista Brasileira de Zootecnia (Brazil)
_xISSN 1516-3598
_g(Jan-Feb 1999), v. 28(1) p. 86-90
_wBR9901847
909 _a202311
_bLúcia
_c55
_dLúcia Elande
942 _2AGRIS
_n0
_cANA
999 _c161304
_d161304